00516nam a2200193 4500003001100000005001700011008004100028020001500069040003900084041000800123082001300131100002200144245003800166260003500204300001900239490001500258650002800273650002100301LK-CoMWRAF20231207091911.0231115b1997 |||||||| |||| 00| 0 eng d a8175540745 aLK-CoMWRAFdLK-CoMWRAFeLK-CoMWRAF aeng a808bFOR aForsyth, Patrick  a30 Minutes ... to Write a Report  aNew Delhi: bKogan Page,c1997 a62 p. ; 24 cm. a30 minutes aBUSINESS REPORT WRITING aBusiness writing